[Event "4NCL chT 1995/96 3rd"]
[Site "Various"]
[Date "1996.04.28"]
[Round "10.61"]
[White "Baker, Chris W"]
[Black "Emms, John M"]
[Result "1/2-1/2"]
[WhiteElo "2340"]
[BlackElo "2500"]
[PlyCount "130"]
[EventDate "1995.11.25"]
[EventType "team-tourn"]
[EventRounds "13"]
[EventCountry "GBR"]
[SourceTitle "BritBase"]
[Source "britbase.info"]
[SourceDate "2021.07.30"]
[SourceVersion "1"]
[SourceVersionDate "2021.07.30"]
[SourceQuality "1"]
[WhiteTeam "Witney"]
[BlackTeam "Wood Green"]
[WhiteTeamCountry "ENG"]
[BlackTeamCountry "ENG"]

1. e4 c5 2. Nf3 e6 3. c3 d5 4. e5 d4 5. cxd4 cxd4 6. Bc4 Nc6 7. O-O Nge7 8. d3
Ng6 9. Re1 Be7 10. Nbd2 a6 11. a3 b5 12. Ba2 Bb7 13. Nb3 O-O 14. Bd2 a5 15. Rc1
Qb6 16. Bg5 a4 17. Bxe7 Ncxe7 18. Nc5 Bxf3 19. Qxf3 Ra7 20. Qg4 Rc7 21. Ne4 Nf5
22. Qh5 Rxc1 23. Rxc1 Nxe5 24. Qe2 Ng6 25. g3 Nd6 26. h4 h6 27. Nxd6 Qxd6 28.
Qe4 Ne7 29. Qb7 Rb8 30. Qa7 Rc8 31. Rxc8+ Nxc8 32. Qa8 Qc7 33. Kg2 g6 34. h5 g5
35. Qe4 Qd7 36. Qe5 Ne7 37. Qf6 Nf5 38. Kh2 Kh7 39. Bb1 Ng7 40. Qf3 f5 41. Ba2
Qe8 42. Kg1 Nxh5 43. Bxe6 Qxe6 44. Qxh5 Kg7 45. Qf3 Kg6 46. Qa8 f4 47. gxf4
gxf4 48. Kh2 f3 49. Qxf3 Qe5+ 50. Qg3+ Kf5 51. Kg2 Qxg3+ 52. fxg3 Kg4 53. Kf2
Kh3 54. Kf3 Kh2 55. g4 Kh3 56. Kf4 Kh4 57. Kf3 Kh3 58. Kf4 Kg2 59. Ke4 Kg3 60.
Kxd4 Kxg4 61. Kc5 Kf5 62. d4 Ke6 63. Kc6 Ke7 64. Kc7 Ke6 65. Kc6 Ke7 1/2-1/2

[Event "4NCL chT 1995/96 3rd"]
[Site "Various"]
[Date "1996.04.28"]
[Round "10.62"]
[White "Littlewood, Paul E"]
[Black "Ansell, Simon T"]
[Result "1-0"]
[WhiteElo "2445"]
[BlackElo "2345"]
[PlyCount "85"]
[EventDate "1995.11.25"]
[EventType "team-tourn"]
[EventRounds "13"]
[EventCountry "GBR"]
[SourceTitle "BritBase"]
[Source "britbase.info"]
[SourceDate "2021.07.30"]
[SourceVersion "1"]
[SourceVersionDate "2021.07.30"]
[SourceQuality "1"]
[WhiteTeam "Wood Green"]
[BlackTeam "Witney"]
[WhiteTeamCountry "ENG"]
[BlackTeamCountry "ENG"]

1. d4 Nf6 2. Nf3 c5 3. e3 g6 4. c4 Bg7 5. Nc3 O-O 6. Be2 d5 7. O-O cxd4 8. exd4
dxc4 9. Bxc4 Bg4 10. Be2 Nc6 11. d5 Bxf3 12. Bxf3 Ne5 13. Be2 Qd6 14. Qb3 Rab8
15. h3 b5 16. Nxb5 Qxd5 17. Qxd5 Nxd5 18. Nxa7 Nb4 19. a3 Nc2 20. Ra2 Nd4 21.
b4 Rb7 22. Be3 Nxe2+ 23. Rxe2 Ra8 24. Rc1 Bf6 25. Rc8+ Rxc8 26. Nxc8 Nc4 27.
Bc5 Kf8 28. a4 Nb2 29. a5 Nd3 30. a6 Rc7 31. Nb6 Nxc5 32. bxc5 Bd4 33. Rc2 Ra7
34. Rc4 e5 35. Nd5 Rxa6 36. c6 Ra8 37. Kf1 Rc8 38. f4 Rb8 39. Ke2 f5 40. Kd3
Kf7 41. c7 Rc8 42. Rc6 Ke8 43. fxe5 1-0

[Event "4NCL chT 1995/96 3rd"]
[Site "Various"]
[Date "1996.04.28"]
[Round "10.63"]
[White "Haydon, Richard"]
[Black "Pein, Malcolm"]
[Result "1/2-1/2"]
[WhiteElo "2265"]
[BlackElo "2430"]
[PlyCount "95"]
[EventDate "1995.11.25"]
[EventType "team-tourn"]
[EventRounds "13"]
[EventCountry "GBR"]
[SourceTitle "BritBase"]
[Source "britbase.info"]
[SourceDate "2021.07.30"]
[SourceVersion "1"]
[SourceVersionDate "2021.07.30"]
[SourceQuality "1"]
[WhiteTeam "Witney"]
[BlackTeam "Wood Green"]
[WhiteTeamCountry "ENG"]
[BlackTeamCountry "ENG"]

1. Nf3 c5 2. g3 g6 3. Bg2 Bg7 4. O-O Nc6 5. d3 Nf6 6. e4 d5 7. Nc3 O-O 8. exd5
Nxd5 9. Nxd5 Qxd5 10. Ng5 Qd7 11. a4 Qc7 12. c3 Rb8 13. Bf4 e5 14. Be3 b6 15.
f4 h6 16. Nh3 Bd7 17. Qc2 Rbd8 18. Nf2 Be6 19. fxe5 Nxe5 20. a5 Bd5 21. axb6
axb6 22. Bxd5 Rxd5 23. Qa4 Nxd3 24. Nxd3 Rxd3 25. Bf4 Qb7 26. Qa6 Qd5 27. Rae1
g5 28. Bc7 Ra8 29. Qxb6 Ra2 30. Rf2 Rd2 31. Qb8+ Kh7 32. Rxd2 Qxd2 33. Qe8 Rxb2
34. Qe4+ Kh8 35. g4 Qf2+ 36. Kh1 Qc2 37. Qa8+ Kh7 38. Qf3 Rb1 39. Rxb1 Qxb1+
40. Kg2 Qc2+ 41. Kf1 Qxc3 42. Qxf7 Qd3+ 43. Kf2 Qd4+ 44. Kf3 Qd3+ 45. Kf2 Qd4+
46. Kf3 c4 47. Qf5+ Kg8 48. Qe6+ 1/2-1/2

[Event "4NCL chT 1995/96 3rd"]
[Site "Various"]
[Date "1996.04.28"]
[Round "10.64"]
[White "Martin, Benjamin"]
[Black "Headlong, Timothy"]
[Result "1/2-1/2"]
[WhiteElo "2375"]
[BlackElo "2230"]
[PlyCount "50"]
[EventDate "1995.11.25"]
[EventType "team-tourn"]
[EventRounds "13"]
[EventCountry "GBR"]
[SourceTitle "BritBase"]
[Source "britbase.info"]
[SourceDate "2021.07.30"]
[SourceVersion "1"]
[SourceVersionDate "2021.07.30"]
[SourceQuality "1"]
[WhiteTeam "Wood Green"]
[BlackTeam "Witney"]
[WhiteTeamCountry "ENG"]
[BlackTeamCountry "ENG"]

1. e4 c5 2. Nf3 g6 3. c4 Nc6 4. d4 cxd4 5. Nxd4 Nf6 6. Nc3 d6 7. Be2 Bg7 8. Be3
O-O 9. O-O Bd7 10. Rc1 Nxd4 11. Bxd4 Bc6 12. Qd3 a5 13. Rfd1 Nd7 14. Bxg7 Kxg7
15. Nd5 Kg8 16. Qe3 Bxd5 17. Rxd5 Qc7 18. h4 a4 19. h5 Ra5 20. hxg6 hxg6 21.
Rc3 Kg7 22. Qd4+ e5 23. Qd2 Rxd5 24. Qxd5 Nc5 25. Re3 Qc6 1/2-1/2

[Event "4NCL chT 1995/96 3rd"]
[Site "Various"]
[Date "1996.04.28"]
[Round "10.65"]
[White "Hackett, David G"]
[Black "Law, Andrew P"]
[Result "0-1"]
[WhiteElo "2225"]
[BlackElo "2355"]
[PlyCount "68"]
[EventDate "1995.11.25"]
[EventType "team-tourn"]
[EventRounds "13"]
[EventCountry "GBR"]
[SourceTitle "BritBase"]
[Source "britbase.info"]
[SourceDate "2021.07.30"]
[SourceVersion "1"]
[SourceVersionDate "2021.07.30"]
[SourceQuality "1"]
[WhiteTeam "Witney"]
[BlackTeam "Wood Green"]
[WhiteTeamCountry "ENG"]
[BlackTeamCountry "ENG"]

1. e4 e5 2. Nf3 Nc6 3. Bb5 a6 4. Bxc6 dxc6 5. O-O Bd6 6. d3 Ne7 7. Nbd2 c5 8.
Nc4 Nc6 9. c3 O-O 10. Ne3 Re8 11. h4 Be7 12. h5 Be6 13. Qe2 Qd7 14. Nh2 Rad8
15. Rd1 Bg5 16. g4 Bf4 17. Nf5 Bxh2+ 18. Kxh2 c4 19. Qf3 f6 20. h6 g6 21. Ne3
cxd3 22. Qxf6 Rf8 23. Qh4 Qf7 24. Nf5 Bxa2 25. Bg5 Rd7 26. Rd2 Bb3 27. Ne3 Qf3
28. Rf1 Qxe4 29. f3 Rxf3 30. Rxf3 Qxf3 31. Rf2 Qe4 32. Bd8 Qxe3 33. Rf8+ Kxf8
34. Qf6+ Kg8 0-1

[Event "4NCL chT 1995/96 3rd"]
[Site "Various"]
[Date "1996.04.28"]
[Round "10.66"]
[White "Sowray, Peter John"]
[Black "Cooksey, Paul S"]
[Result "1/2-1/2"]
[WhiteElo "2345"]
[BlackElo "2110"]
[PlyCount "70"]
[EventDate "1995.11.25"]
[EventType "team-tourn"]
[EventRounds "13"]
[EventCountry "GBR"]
[SourceTitle "BritBase"]
[Source "britbase.info"]
[SourceDate "2021.07.30"]
[SourceVersion "1"]
[SourceVersionDate "2021.07.30"]
[SourceQuality "1"]
[WhiteTeam "Wood Green"]
[BlackTeam "Witney"]
[WhiteTeamCountry "ENG"]
[BlackTeamCountry "ENG"]

1. e4 c5 2. c3 Nf6 3. e5 Nd5 4. d4 cxd4 5. Nf3 e6 6. cxd4 b6 7. Nc3 Nxc3 8.
bxc3 Qc7 9. Bd2 d6 10. Bd3 Bb7 11. O-O Nd7 12. Re1 dxe5 13. Nxe5 Nxe5 14. Rxe5
Bd6 15. Rh5 g6 16. Rh3 Qc6 17. Qf1 O-O 18. Re1 Qc7 19. f4 Rfe8 20. Qf2 Bf8 21.
Qh4 h6 22. f5 exf5 23. Rxe8 Rxe8 24. Bxh6 Qe7 25. Qxe7 Rxe7 26. Re3 Be4 27. Bf4
Bxd3 28. Rxd3 b5 29. Kf2 f6 30. Kf3 Kf7 31. c4 bxc4 32. Rc3 g5 33. Bd6 Re6 34.
Bxf8 Kxf8 35. Rxc4 Ra6 1/2-1/2

[Event "4NCL chT 1995/96 3rd"]
[Site "Various"]
[Date "1996.04.28"]
[Round "10.71"]
[White "Littlewood, John Eric"]
[Black "Howell, James C"]
[Result "1/2-1/2"]
[WhiteElo "2275"]
[BlackElo "2490"]
[PlyCount "71"]
[EventDate "1995.11.25"]
[EventType "team-tourn"]
[EventRounds "13"]
[EventCountry "GBR"]
[SourceTitle "BritBase"]
[Source "britbase.info"]
[SourceDate "2021.07.30"]
[SourceVersion "1"]
[SourceVersionDate "2021.07.30"]
[SourceQuality "1"]
[WhiteTeam "North West Eagles"]
[BlackTeam "Midland Monarchs"]
[WhiteTeamCountry "ENG"]
[BlackTeamCountry "ENG"]

1. e4 c5 2. c3 Nf6 3. e5 Nd5 4. d4 cxd4 5. Nf3 Nc6 6. Bc4 Nb6 7. Bb3 d5 8. exd6
Qxd6 9. Na3 dxc3 10. Qe2 Bf5 11. Nb5 Qd7 12. Ne5 Nxe5 13. Qxe5 f6 14. Nc7+ Kd8
15. Ne6+ Bxe6 16. Qxe6 Qxe6+ 17. Bxe6 cxb2 18. Bxb2 Kc7 19. O-O Rd8 20. Rac1+
Kb8 21. Rfd1 Rxd1+ 22. Rxd1 Kc7 23. h4 g6 24. Bc1 Nc8 25. Bf4+ Nd6 26. Rc1+ Kd8
27. Be3 b6 28. a4 Bg7 29. a5 bxa5 30. Bxa7 f5 31. Rb1 Kc7 32. Rc1+ Kb7 33. Be3
a4 34. Rb1+ Kc7 35. Rc1+ Kb7 36. Rb1+ 1/2-1/2

[Event "4NCL chT 1995/96 3rd"]
[Site "Various"]
[Date "1996.04.28"]
[Round "10.72"]
[White "Arkell, Keith C"]
[Black "Merriman, John"]
[Result "1-0"]
[WhiteElo "2525"]
[BlackElo "2270"]
[PlyCount "125"]
[EventDate "1995.11.25"]
[EventType "team-tourn"]
[EventRounds "13"]
[EventCountry "GBR"]
[SourceTitle "BritBase"]
[Source "britbase.info"]
[SourceDate "2021.07.30"]
[SourceVersion "1"]
[SourceVersionDate "2021.07.30"]
[SourceQuality "1"]
[WhiteTeam "Midland Monarchs"]
[BlackTeam "North West Eagles"]
[WhiteTeamCountry "ENG"]
[BlackTeamCountry "ENG"]

1. d4 e6 2. c4 d5 3. Nc3 Nf6 4. Bg5 Be7 5. e3 h6 6. Bxf6 Bxf6 7. cxd5 exd5 8.
b4 O-O 9. Bd3 Re8 10. Nge2 c6 11. O-O Nd7 12. b5 Nf8 13. bxc6 bxc6 14. Na4 Qd6
15. Qc2 Ne6 16. Rfc1 Bd7 17. Nc5 Nxc5 18. Qxc5 Qxc5 19. Rxc5 Bd8 20. Rb1 Bb6
21. Rc2 Kf8 22. Nc3 Reb8 23. Na4 Ke8 24. h3 Kd8 25. g4 Bc7 26. Rbc1 Bd6 27. Nc5
Be8 28. Ba6 Kc7 29. Be2 Rb6 30. Bf3 Rd8 31. Rc3 Kb8 32. R1c2 Be7 33. Be2 Bxc5
34. Rxc5 Rd6 35. Kg2 Bd7 36. Bd3 Bc8 37. Ra5 Be6 38. Kg3 f6 39. Rc3 Bf7 40. h4
Rb7 41. h5 Rb1 42. Kf4 Be6 43. Rca3 Rb7 44. Bf5 Bf7 45. Rb3 Rb6 46. Kf3 Bg8 47.
Rba3 Rb7 48. Rb3 Rb6 49. Ke2 Bf7 50. Kd2 Rd8 51. Kc3 Bg8 52. Rba3 Rb7 53. Ra6
Rd6 54. Rb3 Bf7 55. Ra4 Kc7 56. Rxb7+ Kxb7 57. Kb4 Kb6 58. Bd3 Be6 59. Ra6+ Kb7
60. Kc5 Rd8 61. f3 Bd7 62. Ra3 Bc8 63. Ba6+ 1-0

[Event "4NCL chT 1995/96 3rd"]
[Site "Various"]
[Date "1996.04.28"]
[Round "10.73"]
[White "Lund, D Brett"]
[Black "Ledger, Andrew"]
[Result "1/2-1/2"]
[WhiteElo "2260"]
[BlackElo "2410"]
[PlyCount "83"]
[EventDate "1995.11.25"]
[EventType "team-tourn"]
[EventRounds "13"]
[EventCountry "GBR"]
[SourceTitle "BritBase"]
[Source "britbase.info"]
[SourceDate "2021.07.30"]
[SourceVersion "1"]
[SourceVersionDate "2021.07.30"]
[SourceQuality "1"]
[WhiteTeam "North West Eagles"]
[BlackTeam "Midland Monarchs"]
[WhiteTeamCountry "ENG"]
[BlackTeamCountry "ENG"]

1. g3 d5 2. Bg2 c6 3. f4 Nd7 4. Nf3 Qc7 5. O-O e5 6. fxe5 Nxe5 7. e4 dxe4 8.
Nxe5 Qxe5 9. d4 Qc7 10. Nc3 f5 11. Bf4 Bd6 12. Bxd6 Qxd6 13. g4 Ne7 14. gxf5
Bxf5 15. Nxe4 Qg6 16. Qf3 O-O 17. Qb3+ Kh8 18. Rae1 Nd5 19. Qg3 Bxe4 20. Rxe4
Rxf1+ 21. Kxf1 Qh6 22. Kg1 Rf8 23. Qe1 Qg6 24. Kh1 Nf4 25. Qg3 Qf7 26. b3 Nxg2
27. Qxg2 Qd5 28. Kg1 h6 29. c4 Qg5 30. Re1 Qf4 31. Qe4 Qf2+ 32. Kh1 Qxa2 33. d5
cxd5 34. cxd5 Qxb3 35. d6 Rd8 36. d7 Qb6 37. Qd5 Qg6 38. Re7 Qb1+ 39. Kg2 Qc2+
40. Kh1 Qc1+ 41. Kg2 Qb2+ 42. Kg1 1/2-1/2

[Event "4NCL chT 1995/96 3rd"]
[Site "Various"]
[Date "1996.04.28"]
[Round "10.74"]
[White "Turner, Matthew J"]
[Black "Quillan, Gary"]
[Result "1-0"]
[WhiteElo "2400"]
[BlackElo "2310"]
[PlyCount "65"]
[EventDate "1995.11.25"]
[EventType "team-tourn"]
[EventRounds "13"]
[EventCountry "GBR"]
[SourceTitle "BritBase"]
[Source "britbase.info"]
[SourceDate "2021.07.30"]
[SourceVersion "1"]
[SourceVersionDate "2021.07.30"]
[SourceQuality "1"]
[WhiteTeam "Midland Monarchs"]
[BlackTeam "North West Eagles"]
[WhiteTeamCountry "ENG"]
[BlackTeamCountry "ENG"]

1. c4 e5 2. Nc3 g6 3. g3 Bg7 4. Bg2 f5 5. e3 Nf6 6. Nge2 O-O 7. O-O c6 8. d4 e4
9. Qb3 Kh8 10. f3 Qe7 11. fxe4 fxe4 12. Bd2 Na6 13. h3 Nc7 14. g4 h6 15. Nf4
Kh7 16. Rac1 Rb8 17. Qc2 Re8 18. h4 d5 19. g5 hxg5 20. hxg5 Ng4 21. cxd5 cxd5
22. Nxe4 dxe4 23. Qxc7 Bd7 24. Qc5 Qd8 25. Qd6 Bf5 26. Qxd8 Rexd8 27. Rc7 Ne5
28. Nh5 Rd7 29. Rxd7 Nxd7 30. Ng3 Rc8 31. Nxf5 gxf5 32. Rxf5 Rc2 33. Bxe4 1-0

[Event "4NCL chT 1995/96 3rd"]
[Site "Various"]
[Date "1996.04.28"]
[Round "10.75"]
[White "Tebb, David"]
[Black "Parker, Jonathan"]
[Result "0-1"]
[WhiteElo "2310"]
[BlackElo "2480"]
[PlyCount "86"]
[EventDate "1995.11.25"]
[EventType "team-tourn"]
[EventRounds "13"]
[EventCountry "GBR"]
[SourceTitle "BritBase"]
[Source "britbase.info"]
[SourceDate "2021.07.30"]
[SourceVersion "1"]
[SourceVersionDate "2021.07.30"]
[SourceQuality "1"]
[WhiteTeam "North West Eagles"]
[BlackTeam "Midland Monarchs"]
[WhiteTeamCountry "ENG"]
[BlackTeamCountry "ENG"]

1. e4 e5 2. Nc3 Nf6 3. g3 d5 4. exd5 Nxd5 5. Bg2 Nxc3 6. bxc3 Nc6 7. Ne2 Be6 8.
O-O Bd5 9. d3 h5 10. Bxd5 Qxd5 11. c4 Qd7 12. h4 O-O-O 13. Nc3 Bc5 14. Ne4 Bd4
15. Rb1 f5 16. Ng5 g6 17. Ba3 e4 18. c3 Bf6 19. dxe4 Bxg5 20. hxg5 fxe4 21.
Qxd7+ Rxd7 22. Rfe1 Ne5 23. Re2 h4 24. g4 h3 25. f4 Nxg4 26. Bc5 e3 27. Bd4 Rf8
28. Rf1 Rdf7 29. Bf6 Nxf6 30. gxf6 Rxf6 31. Rxe3 Rxf4 32. Rxf4 Rxf4 33. Rxh3
Rxc4 34. Kf2 b5 35. Rg3 Kb7 36. Ke2 Ra4 37. Rxg6 Rxa2+ 38. Kd3 Rh2 39. c4 Rh3+
40. Kc2 b4 41. Rg5 c6 42. Kb2 Kb6 43. Rg8 Kc5 0-1

[Event "4NCL chT 1995/96 3rd"]
[Site "Various"]
[Date "1996.05.25"]
[Round "11.11"]
[White "Burgess, Graham"]
[Black "Bates, Richard"]
[Result "1-0"]
[WhiteElo "2280"]
[BlackElo "2325"]
[PlyCount "55"]
[EventDate "1995.11.25"]
[EventType "team-tourn"]
[EventRounds "13"]
[EventCountry "GBR"]
[SourceTitle "BritBase"]
[Source "britbase.info"]
[SourceDate "2021.07.30"]
[SourceVersion "1"]
[SourceVersionDate "2021.07.30"]
[SourceQuality "1"]
[WhiteTeam "Bristol"]
[BlackTeam "Richmond"]
[WhiteTeamCountry "ENG"]
[BlackTeamCountry "ENG"]

1. d4 Nf6 2. c4 d6 3. Nc3 e5 4. Nf3 Nbd7 5. e4 c6 6. Be2 a6 7. O-O b5 8. a3 Be7
9. Be3 Bb7 10. d5 bxc4 11. Bxc4 O-O 12. dxc6 Bxc6 13. Qd3 a5 14. b4 axb4 15.
axb4 Nb6 16. b5 Bb7 17. Bxb6 Qxb6 18. Bd5 Bxd5 19. Nxd5 Nxd5 20. Qxd5 Rab8 21.
Rfb1 Rfc8 22. Nd2 Rc5 23. Nc4 Qd8 24. Na5 Rxd5 25. exd5 Qb6 26. Nc6 Bd8 27.
Nxb8 Qxb8 28. b6 1-0

[Event "4NCL chT 1995/96 3rd"]
[Site "Various"]
[Date "1996.05.25"]
[Round "11.42"]
[White "Baker, Chris W"]
[Black "Kinsman, Andrew PH"]
[Result "1-0"]
[WhiteElo "2340"]
[BlackElo "2365"]
[PlyCount "61"]
[EventDate "1995.11.25"]
[EventType "team-tourn"]
[EventRounds "13"]
[EventCountry "GBR"]
[SourceTitle "BritBase"]
[Source "britbase.info"]
[SourceDate "2021.07.30"]
[SourceVersion "1"]
[SourceVersionDate "2021.07.30"]
[SourceQuality "1"]
[WhiteTeam "Witney"]
[BlackTeam "Guildford"]
[WhiteTeamCountry "ENG"]
[BlackTeamCountry "ENG"]

1. e4 e6 2. Nf3 d5 3. Nc3 Nf6 4. e5 Nfd7 5. d4 c5 6. dxc5 Nc6 7. Bf4 Bxc5 8.
Bd3 f6 9. exf6 Nxf6 10. O-O O-O 11. Ne5 Qe8 12. Nxc6 bxc6 13. Na4 Be7 14. c4
Ba6 15. Qe2 Qf7 16. Rae1 Bb4 17. Rc1 Rfe8 18. Be5 Nd7 19. f4 Rac8 20. Rf3 Bf8
21. Rh3 h6 22. Qg4 Nf6 23. Qg3 Bxc4 24. Bg6 Qe7 25. b3 Bb5 26. Nc5 Red8 27. b4
Bc4 28. f5 Ne4 29. Nxe4 dxe4 30. Rxh6 Rd3 31. Qg4 1-0

[Event "4NCL chT 1995/96 3rd"]
[Site "Various"]
[Date "1996.05.25"]
[Round "11.53"]
[White "Hodgson, Julian M"]
[Black "Hanreck, Alan E"]
[Result "0-1"]
[WhiteElo "2615"]
[BlackElo "2255"]
[PlyCount "56"]
[EventDate "1995.11.25"]
[EventType "team-tourn"]
[EventRounds "13"]
[EventCountry "GBR"]
[SourceTitle "BritBase"]
[Source "britbase.info"]
[SourceDate "2021.07.30"]
[SourceVersion "1"]
[SourceVersionDate "2021.07.30"]
[SourceQuality "1"]
[WhiteTeam "Slough"]
[BlackTeam "Hertford"]
[WhiteTeamCountry "ENG"]
[BlackTeamCountry "ENG"]

1. d4 Nf6 2. Bg5 Ne4 3. Bf4 d6 4. f3 Nf6 5. Nc3 Nbd7 6. e4 e5 7. Be3 Be7 8.
Nge2 c6 9. a4 Qa5 10. g4 h6 11. Ng3 d5 12. Nf5 Bf8 13. Bg2 dxe4 14. fxe4 g6 15.
dxe5 gxf5 16. exf6 fxg4 17. Rf1 Ne5 18. Qd4 Be6 19. O-O-O Nc4 20. Bg1 c5 21.
Qxc4 Bxc4 22. e5 h5 23. Be3 Bh6 24. Bxh6 Rxh6 25. Bxb7 Rb8 26. Bc6+ Kf8 27. Rf4
Be6 28. Nb5 Qb6 {Source: BCM, July 1996, p359} 0-1

[Event "4NCL chT 1995/96 3rd"]
[Site "Various"]
[Date "1996.05.25"]
[Round "11.72"]
[White "O'Shaughnessy, Conor"]
[Black "Cummings, David H"]
[Result "1/2-1/2"]
[WhiteElo "2240"]
[BlackElo "2350"]
[PlyCount "58"]
[EventDate "1995.11.25"]
[EventType "team-tourn"]
[EventRounds "13"]
[EventCountry "GBR"]
[SourceTitle "BritBase"]
[Source "britbase.info"]
[SourceDate "2021.07.30"]
[SourceVersion "1"]
[SourceVersionDate "2021.07.30"]
[SourceQuality "1"]
[WhiteTeam "Na Fianna"]
[BlackTeam "South Wales Dragons"]
[WhiteTeamCountry "ENG"]
[BlackTeamCountry "ENG"]

1. e4 c5 2. c3 Nf6 3. e5 Nd5 4. d4 cxd4 5. cxd4 e6 6. Nc3 Nxc3 7. bxc3 Qc7 8.
Bd2 d6 9. Nf3 Nd7 10. exd6 Bxd6 11. Bd3 b6 12. O-O Bb7 13. Re1 O-O 14. a4 Bf4
15. Ne5 Bxd2 16. Qxd2 Nxe5 17. Rxe5 Rac8 18. Re3 g6 19. Bf1 Rfd8 20. Rh3 Qe5
21. a5 bxa5 22. Qh6 Qg7 23. Qxg7+ Kxg7 24. Rxa5 a6 25. Re3 Rc6 26. g3 Rb6 27.
Re1 Rb3 28. Rc1 Rd6 29. c4 Rxd4 {Source: South Wales Dragons} 1/2-1/2

[Event "4NCL chT 1995/96 3rd"]
[Site "Various"]
[Date "1996.05.25"]
[Round "11.73"]
[White "Zeidler, Sven P"]
[Black "Richardson, John R"]
[Result "0-1"]
[WhiteElo "2345"]
[BlackElo "2280"]
[PlyCount "56"]
[EventDate "1995.11.25"]
[EventType "team-tourn"]
[EventRounds "13"]
[EventCountry "GBR"]
[SourceTitle "BritBase"]
[Source "britbase.info"]
[SourceDate "2021.07.30"]
[SourceVersion "1"]
[SourceVersionDate "2021.07.30"]
[SourceQuality "1"]
[WhiteTeam "South Wales Dragons"]
[BlackTeam "Na Fianna"]
[WhiteTeamCountry "ENG"]
[BlackTeamCountry "ENG"]

1. e4 e5 2. Nf3 Nc6 3. c3 d5 4. Qa4 Qd6 5. Bb5 Bd7 6. exd5 Qxd5 7. d4 a6 8. c4
Qe4+ 9. Be3 Bb4+ 10. Nbd2 Bxd2+ 11. Nxd2 Qxg2 12. O-O-O O-O-O 13. Rdg1 Qh3 14.
d5 Nd4 15. Bxd7+ Rxd7 16. Bxd4 exd4 17. Rxg7 Nf6 18. Rg3 Qh6 19. Qc2 Re8 20.
Kd1 Qh5+ 21. f3 Re3 22. Nf1 Re5 23. Rhg1 Rde7 24. Qd2 Qf5 25. Qxd4 Qb1+ 26. Kd2
Re2+ 27. Kc3 Qxb2+ 28. Kd3 Qc2# {Source: South Wales Dragons} 0-1

[Event "4NCL chT 1995/96 3rd"]
[Site "Various"]
[Date "1996.05.25"]
[Round "11.75"]
[White "Saunders, John C"]
[Black "Crombleholme, Alan K"]
[Result "1/2-1/2"]
[WhiteElo "2245"]
[BlackElo "2280"]
[PlyCount "68"]
[EventDate "1995.11.25"]
[EventType "team-tourn"]
[EventRounds "13"]
[EventCountry "GBR"]
[SourceTitle "BritBase"]
[Source "britbase.info"]
[SourceDate "2021.07.30"]
[SourceVersion "1"]
[SourceVersionDate "2021.07.30"]
[SourceQuality "1"]
[WhiteTeam "South Wales Dragons"]
[BlackTeam "Na Fianna"]
[WhiteTeamCountry "ENG"]
[BlackTeamCountry "ENG"]

1. c4 e6 2. Nc3 b6 3. Nf3 Bb7 4. e4 Bb4 5. Qc2 Qe7 6. Be2 Na6 7. d4 O-O-O 8.
O-O Bxc3 9. bxc3 d6 10. Bg5 f6 11. Be3 e5 12. c5 dxc5 13. dxe5 fxe5 14. Qa4 Nb8
15. Qxa7 Nf6 16. Nd2 h5 17. f3 Ne8 18. Nc4 Nd6 19. Rab1 Nxc4 20. Bxc4 Nc6 21.
Qa4 Na5 22. Rfd1 Rxd1+ 23. Rxd1 Nxc4 24. Qxc4 Kb8 25. Qd3 Bc6 26. Qd2 Qe6 27.
Qe2 Qe7 28. Qd2 Qe6 29. Bg5 Qc4 30. Bh4 Kb7 31. Bd8 Rh6 32. Qg5 Qe2 33. Qd2
Qxd2 34. Rxd2 Rd6 {Source: John Saunders} 1/2-1/2

[Event "4NCL chT 1995/96 3rd"]
[Site "Various"]
[Date "1996.05.25"]
[Round "11.76"]
[White "Grinsell, Lee A"]
[Black "Rayner, Francis"]
[Result "0-1"]
[WhiteElo "2165"]
[BlackElo "2150"]
[PlyCount "84"]
[EventDate "1995.11.25"]
[EventType "team-tourn"]
[EventRounds "13"]
[EventCountry "GBR"]
[SourceTitle "BritBase"]
[Source "britbase.info"]
[SourceDate "2021.07.30"]
[SourceVersion "1"]
[SourceVersionDate "2021.07.30"]
[SourceQuality "1"]
[WhiteTeam "Na Fianna"]
[BlackTeam "South Wales Dragons"]
[WhiteTeamCountry "ENG"]
[BlackTeamCountry "ENG"]

1. e4 c5 2. Nf3 e6 3. d4 cxd4 4. Nxd4 Nc6 5. Nb5 d6 6. Bf4 e5 7. Be3 Nf6 8.
N1c3 a6 9. Na3 b5 10. Nd5 Nxd5 11. Qxd5 Bb7 12. Be2 Be7 13. Rd1 O-O 14. Qd2 Na5
15. f3 Qc7 16. Bd3 d5 17. exd5 Bxa3 18. bxa3 Bxd5 19. Bxh7+ Kxh7 20. Qxd5 Qxc2
21. O-O Nc4 22. Bc5 Rfd8 23. Qe4+ Qxe4 24. fxe4 Nd2 25. Rfe1 Rac8 26. Bb4 Rc2
27. Rxd2 Rdxd2 28. Bxd2 Rxd2 29. Re3 Rxa2 30. h3 Kg6 31. Kh2 Kf6 32. Kg3 Ke6
33. Rd3 Rb2 34. Kf3 a5 35. g3 a4 36. Kg4 Rb3 37. Rd8 Rxa3 38. Rb8 Rb3 39. Rb6+
Kd7 40. Kf5 Kc7 41. Ra6 Kb7 42. Rd6 a3 {Source: South Wales Dragons} 0-1

[Event "4NCL chT 1995/96 3rd"]
[Site "Various"]
[Date "1996.05.26"]
[Round "12.21"]
[White "Baker, Chris W"]
[Black "Chandler, Murray G"]
[Result "0-1"]
[WhiteElo "2340"]
[BlackElo "2535"]
[PlyCount "104"]
[EventDate "1995.11.25"]
[EventType "team-tourn"]
[EventRounds "13"]
[EventCountry "GBR"]
[SourceTitle "BritBase"]
[Source "britbase.info"]
[SourceDate "2021.07.30"]
[SourceVersion "1"]
[SourceVersionDate "2021.07.30"]
[SourceQuality "1"]
[WhiteTeam "Witney"]
[BlackTeam "British Chess Magazine"]
[WhiteTeamCountry "ENG"]
[BlackTeamCountry "ENG"]

1. Nf3 d5 2. c4 e6 3. d4 c5 4. e3 Nf6 5. Nc3 Nc6 6. a3 cxd4 7. exd4 Ne4 8. Qc2
Nxc3 9. bxc3 Be7 10. Rb1 O-O 11. Bd3 g6 12. cxd5 exd5 13. O-O Qc7 14. Re1 Bg4
15. Bh6 Bxf3 16. Bxf8 Rxf8 17. gxf3 Qf4 18. Qc1 Qh4 19. Kg2 Bd6 20. h3 Nd8 21.
Rb5 Bf4 22. Qb2 Qg5+ 23. Kh1 a6 24. Rxb7 Nxb7 25. Qxb7 Bb8 26. Qd7 Qd2 27. Re8
Qxd3 28. Rxf8+ Kxf8 29. Qd8+ Kg7 30. Qxb8 Qf1+ 31. Kh2 Qxf2+ 32. Kh1 Qxf3+ 33.
Kh2 Qf2+ 34. Kh1 Qe3 35. Kg2 h5 36. Qd6 Qg5+ 37. Kh1 a5 38. a4 h4 39. Qc7 Qe3
40. Kg2 Qe2+ 41. Kg1 Qd1+ 42. Kf2 Qxa4 43. Qe5+ Kg8 44. Qxd5 Qc2+ 45. Kg1 Qxc3
46. Qd8+ Kg7 47. Qxh4 a4 48. Qe4 Qg3+ 49. Kf1 Qxh3+ 50. Kg1 Qg3+ 51. Kh1 a3 52.
d5 Qc3 {Sources: Murray Chandler; BCM, July 1996, p360} 0-1